Ecotourism : Principles and Practices

Bibliographic Details
Main Author: Buckley, Ralf
Format: Book
Published: Marston Book Services Ltd,Oxfordshine : CABI Pub. , c2015.
Subjects:

MARC

LEADER 00000cam a2200000 7i4500
001 0000004149
005 20181226.0
020 0 0 |a 9781845934576 
090 0 0 |a 910.68   |b TOUR 
100 1 0 |a Buckley, Ralf 
245 1 0 |a Ecotourism :   |b Principles and Practices   |c Ralf Buckley 
260 0 0 |a Marston Book Services Ltd,Oxfordshine :   |b CABI Pub. ,   |c c2015. 
300 |a vi, 368 p. :   |b ill. ;   |c 22 cm. 
500 0 0 |a Includes bibliographical references and index 
650 0 0 |a Ecotourism. 
999 |a 008039   |b Monograph   |c Open Shelf   |e Default branch